The bed of arrows and other stories / (Record no. 131041)
[ view plain ]
| 000 -LEADER | |
|---|---|
| fixed length control field | 00803nam a22002537a 4500 |
| 003 - CONTROL NUMBER IDENTIFIER | |
| control field | 0 |
| 005 - DATE AND TIME OF LATEST TRANSACTION | |
| control field | 20180710102638.0 |
| 008 - FIXED-LENGTH DATA ELEMENTS--GENERAL INFORMATION | |
| fixed length control field | 0 |
| 010 ## - LIBRARY OF CONGRESS CONTROL NUMBER | |
| LC control number | A-742488 |
| 020 ## - INTERNATIONAL STANDARD BOOK NUMBER | |
| Terms of availability | 75.00 |
| International Standard Book Number | 8172018800 |
| 035 ## - SYSTEM CONTROL NUMBER | |
| System control number | A-742488, A-742493 |
| 037 ## - SOURCE OF ACQUISITION | |
| Source of stock number/acquisition | Cen Lib/Ret |
| 040 ## - CATALOGING SOURCE | |
| Original cataloging agency | DPL |
| Language of cataloging | EN |
| Transcribing agency | 0 |
| 082 ## - DEWEY DECIMAL CLASSIFICATION NUMBER | |
| Classification number | S |
| Item number | MOH |
| 100 ## - MAIN ENTRY--PERSONAL NAME | |
| Personal name | Mohanty, Gopinath |
| 9 (RLIN) | 30649 |
| 245 ## - TITLE STATEMENT | |
| Title | The bed of arrows and other stories / |
| Statement of responsibility, etc | by Gopinath Mohanty;translated by Sitakant Mahapatra |
| 260 ## - PUBLICATION, DISTRIBUTION, ETC. (IMPRINT) | |
| Place of publication, distribution, etc | New Delhi |
| Name of publisher, distributor, etc | Sahitya Akademi |
| Date of publication, distribution, etc | 1995 |
| 270 ## - ADDRESS | |
| Address | Rabindra Bhavan,35,Ferozeshah Road |
| City | New Delhi |
| Postal code | 110001 |
| 300 ## - PHYSICAL DESCRIPTION | |
| Extent | x,173p. |
| Dimensions | 21cm(Hb) |
| 650 ## - SUBJECT ADDED ENTRY--TOPICAL TERM | |
| Topical term or geographic name as entry element | Mahapatra, Sitakant, 1937- |
| 9 (RLIN) | 30650 |
| 650 ## - SUBJECT ADDED ENTRY--TOPICAL TERM | |
| Topical term or geographic name as entry element | Mahanty, Gopinath, -- 1914-1991 -- Translations into English. |
| 9 (RLIN) | 30651 |
| 700 ## - ADDED ENTRY--PERSONAL NAME | |
| Personal name | Mahapatra, Sitakant |
| 9 (RLIN) | 30642 |
| 942 ## - ADDED ENTRY ELEMENTS (KOHA) | |
| Source of classification or shelving scheme | Dewey Decimal Classification |
| Koha item type | English Books |
| Classification part | S |
| Call number suffix | MOH |
| Withdrawn status | Lost status | Source of classification or shelving scheme | Damaged status | Not for loan | Collection code | Home library | Current library | Date acquired | Source of acquisition | Cost, normal purchase price | Total Checkouts | Full call number | Barcode | Date last seen | Copy number | Cost, replacement price | Price effective from | Koha item type | Public note |
|---|---|---|---|---|---|---|---|---|---|---|---|---|---|---|---|---|---|---|---|
| Written off | Dewey Decimal Classification | Non-fiction | Central Library | Central Library | 13/07/2015 | Cen Lib/Ret | 75.00 | S MOH | A-742488 | 13/07/2015 | 1 | 75.00 | 13/07/2015 | English Books | W/d List No. 6847/22 : dtd 9/7/20 | ||||
| Dewey Decimal Classification | Non-fiction | Patel Nagar | Patel Nagar | 10/07/2018 | BPPD/Pub | 75.00 | S MOH | A-742493 | 10/07/2018 | 75.00 | 10/07/2018 | English Books |
